000 00838nam a2200253Ia 4500
003 OSt
005 20220923220504.0
006 a|||||r|||| 00| 0
007 ta
008 220922b |||||||| |||| 00| 0 hin d
024 _a186,933
037 _cTextual
040 _aARTS
_cARTS
_bhin
041 _2hin
_ahin
082 _aX:9, 152M6
100 _aचतुर्वेदी, महेन्द्र नाथ
245 0 _aकार्मिक प्रबन्ध कला
246 _aKārmik prabandha kalā
260 _aदिल्ली
_b प्रभात प्रकाशन
_c1986
300 _a299 पृ.
_ccm.
650 _aअर्थशास्त्र
942 _hX:9, 152M6
_cTEXL
_2CC
999 _c340176
_d340176